Voľný pohyb osôb - zjednodušenie pravidiel

Nové koordinačné nariadenia voľného pohybu osôb Európskej únie uverejnené pod číslom 987/2009, ktorým sa stanovuje postup na vykonávanie Nariadenia č. 883/2004 (ES) o koordinácii systémov sociálneho zabezpečenia. Výnimky zo základných zásad.

Salvato in:
Dettagli Bibliografici
Autore principale: Hricko, Peter
Natura: Capitolo di libro
Lingua:slovacco
Soggetti:
Tags: Aggiungi Tag
Nessun Tag, puoi essere il primo ad aggiungerne!!

MARC

LEADER 00000naa a2200000 4500
001 0136654
005 20220729111802.5
041 0 |a slo 
044 |a SK 
245 1 0 |a Voľný pohyb osôb - zjednodušenie pravidiel  |c Peter Hricko 
520 |a Nové koordinačné nariadenia voľného pohybu osôb Európskej únie uverejnené pod číslom 987/2009, ktorým sa stanovuje postup na vykonávanie Nariadenia č. 883/2004 (ES) o koordinácii systémov sociálneho zabezpečenia. Výnimky zo základných zásad. 
610 2 0 |a Európska únia 
610 2 0 |a politika sociálna 
610 2 0 |a poistenie sociálne 
610 2 0 |a zabezpečenie sociálne 
610 2 0 |a osoby samostatne zárobkovo činné 
610 2 0 |a zamestnanci 
610 2 0 |a pohyb síl pracovných 
610 2 0 |a predpisy právne 
610 2 0 |a zákony 
100 1 |a Hricko, Peter